Lead and nickel in major winter vegetable and their potential risk for human health / (Record no. 15264)

MARC details
000 -LEADER
fixed length control field 00833nam a22002417a 4500
003 - CONTROL NUMBER IDENTIFIER
control field BD-DhSAU
005 - DATE AND TIME OF LATEST TRANSACTION
control field 20210921103418.0
008 - FIXED-LENGTH DATA ELEMENTS--GENERAL INFORMATION
fixed length control field 210921b ||||| |||| 00| 0 eng d
040 ## - CATALOGING SOURCE
Original cataloging agency BD-DhSAU
082 ## - DEWEY DECIMAL CLASSIFICATION NUMBER
Edition number 22
Classification number 630.2
Item number Is41
100 ## - MAIN ENTRY--PERSONAL NAME
Personal name Islam, Rezaul;
Relator term Reg. No.:# 17-08268
245 ## - TITLE STATEMENT
Title Lead and nickel in major winter vegetable and their potential risk for human health /
Remainder of title Ms Thesis
260 ## - PUBLICATION, DISTRIBUTION, ETC. (IMPRINT)
Place of publication, distribution, etc. Department of Agriculture Chemistry;
Name of publisher, distributor, etc. Sher-e-Bangla Agricultural University, Dhaka-1207;
Date of publication, distribution, etc. 2018
300 ## - PHYSICAL DESCRIPTION
Extent ix.; 61p.;
Dimensions 30cm.;
590 ## - Name of Cataloguer
Name of Cataloger nazmul
600 ## - SUBJECT ADDED ENTRY--PERSONAL NAME
Fuller form of name Lead and nickel
610 ## - SUBJECT ADDED ENTRY--CORPORATE NAME
Corporate name or jurisdiction name as entry element winter vegetable
650 ## - SUBJECT ADDED ENTRY--TOPICAL TERM
Topical term or geographic name as entry element potential risk for human health
700 ## - ADDED ENTRY--PERSONAL NAME
Personal name Dr. Rokeya Begum
Relator term Supervisor
710 ## - ADDED ENTRY--CORPORATE NAME
Corporate name or jurisdiction name as entry element Dr. Mohammed Ariful Islam
Relator term Co-Supervisor
856 ## - ELECTRONIC LOCATION AND ACCESS
Link text Online Acceess
942 ## - ADDED ENTRY ELEMENTS (KOHA)
Source of classification or shelving scheme Dewey Decimal Classification
Koha item type MS Level Thesis
Holdings
Withdrawn status Lost status Source of classification or shelving scheme Damaged status Not for loan Home library Branch Name Shelving location Date acquired Total Checkouts Full call number Barcode Date last seen Price effective from Koha item type
    Dewey Decimal Classification   Not For Loan SAU Library SAU Library Reference 21/09/2021   630.2 Is41 41930 21/09/2021 21/09/2021 MS Level Thesis